6-kirjaimista maantiedettä #2 - Statistics

Yleistilastot
  • Tätä visaa on pelattu 424 kertaa
  • Keskiarvotulos 15 / 24
Vastaustilastot
Vihje Vastaus % Oikein
Kääpiövaltio Ranskan Rivieralla Monaco
90%
Lontoon halki virtaava joki Thames
87%
Egyptin virallinen kieli Arabia
84%
Israelin virallinen kieli Heprea
77%
Kreikan suurin saari Kreeta
77%
Norjan toiseksi suurin kaupunki Bergen
75%
Irak hyökkäsi tähän valtioon vuonna 1990 Kuwait
73%
Intian kaupankäynnin "pääkaupunki" Mumbai
73%
Las Vegas sijaitsee tässä Yhdysvaltain osavaltiossa Nevada
73%
Kielletty kaupunki sijaitsee tässä kaupungissa Peking
73%
Saarivaltio Floridan itäpuolella Bahama
70%
Japanin suurin saari Honshu
67%
Ruotsin suurin järvi Vänern
66%
Valtio Victorianjärven rannalla Uganda
62%
Egyptin niemimaa Aasian mantereella Siinai
58%
Forinttia rahayksikkönään käyttävä Euroopan valtio Unkari
56%
Indonesian, Malesian ja Brunein jakama saari Borneo
54%
Matkailijoiden suosima Ranskan Polynesian väkirikkain saari Tahiti
50%
Euroopan korkein vuori Elbrus
43%
Malin pääkaupunki Bamako
39%
Sodan runtelema alue Sudanin länsiosissa Darfur
32%
Myanmarin väkirikkain kaupunki Yangon
31%
Ranskan historiallinen alue Saksan vastaisella rajalla Alsace
25%
Etelä-Amerikan toiseksi pisin joki, kaupunki Argentiinassa ja osavaltio Brasiliassa Paraná
21%
Ehtoja vastaavia visoja ei löytynyt
Tulosjakauma
Jokaisen tuloksen saaneiden osuus
Persentiili vastausten määrän mukaan
Tuloshistoriasi
Et ole pelannut tätä visaa